Quizzes
Events
Quiz Creation
Community
Videos
Private Events
Remove Ads
Sign In
Join for FREE
Feedback
Dark Mode
Quiz Categories
Sports
Geography
Music
Movies
Television
Just For Fun
Miscellaneous
History
Literature
Language
Science
Gaming
Entertainment
Religion
Holiday
For Kids
Quiz Lab
Recent
Popular Today
Quiz Kudos Today
Editor Picks
Curator Picks
Quizzes by...
Day
Popularity
Type
Ratings
Length
Year
Community
Subscriptions
Recent Discussions
Orange Saloon
Badges
Playlists
Quests
Create
Leaderboards
Showdown
Live 5
Trivia Bingo
Activity
Puzzle Library
Sporcle Events
Private Events
Virtual Trivia
Globe League
Become a Host
Pub Owners
SporcleCon
Opinionation
Our Games
Videos
Blog
Mobile Apps
Partnerships
Remove Ads and Go Orange
Feedback
Sports
Athletes
MLB
NBA
NHL
NFL
Soccer
Sports Teams
WWE
NCAA
Football
Premier League
Basketball
Baseball
Hockey
Golf
Tennis
Cricket
Rugby
Auto Racing
Olympics
World Cup
Sports
Athletes
MLB
NBA
NHL
NFL
Soccer
Sports Teams
WWE
NCAA
Football
Premier League
Basketball
Baseball
Hockey
Golf
Tennis
Cricket
Rugby
Auto Racing
Olympics
World Cup
Random Quiz
Search Sporcle
×
Quiz Lab
Quiz Lab
Sports
pundit
Type in answers that appear in a list
Type in answers that appear in a list
Classic
Best Score? Go Orange.
Pundit Arena Daily Sports Quiz Challenge — Day 314 Stats
Pundit Arena Daily Sports Quiz Challenge — Day 314
By
Pundit_Arena
5m
20 Questions
2,375 Plays
2,375 Plays
2,375 Plays
Comments
Comments
Give Quiz Kudos
Give Quiz Kudos
-
- Ratings
hide this ad
Replay
Link that replays current quiz
Next Quiz
Link to next quiz in quiz playlist
You Got
0%
They Got
Avg Score
40%
Avg Friend Score
Upgrade to see
Score Distribution
Jump to the score distribution portion of the page
Score
0/20
Timer
05:00
0
Plays Today
Hint
Answer
% Correct
Name the Spurs player with the most assists during the 2020-
21 Premier League season
Harry Kane
91.3%
Lionel Messi won his first Ballon d'Or in this year
2009
77.9%
Who won the 1992 Euros?
Denmark
76%
Which goalkeeper has kept the most clean sheets during the 2020-
21 Premier League season?
Ederson Santana de Moraes
63.6%
Carlo Ancelotti won the 2014 Champions League with this club
Real Madrid
59.7%
The 2000 Summer Olympics were held in this city
Sydney
59.6%
For how many days is a cricket Test match scheduled? (spell it out)
Five days
59.2%
Who was the 2003 Champions League winner?
AC Milan
56.9%
Neymar played for this club before moving to Barcelona in 2013
Santos FC
48.8%
Gokulam Kerala FC can be found in this country
India
40.8%
Hint
Answer
% Correct
Which player has recorded the most drop goals in Six Nations history?
Jonny Wilkinson
39.1%
Fernando Alonso won his two F1 titles with this team
Renault
38.6%
Which manager was named the Fifa Best Men’s Coach in 2018?
Didier Deschamps
22%
NBA star Luka Doncic hails from this nation
Slovenia
18%
Rugby star Cheslin Kolbe currently plays for this Top 14 club
Stade Toulousain
16.5%
Nate Diaz's last fight was against this man
Jorge Masvidal
11.3%
This player was the top try scorer at the 2015 Rugby World Cup
Julian Savea
10.7%
Dirk Kuyt left Liverpool to join this team in 2012
Fenerbahce
9.5%
Who is the current manager of Sevilla FC?
Julen Lopetegui
8.8%
Irish athlete Ciara Mageean won the bronze medal at the 2016 European Championships held in this city
Amsterdam
3.7%
Quiz Playlist
Details
Report
Send in Message
Add To Playlist
Classic:
Type in answers that appear in a list
Last Updated: Mar 6, 2021
Quiz Scoreboard
CHALLENGE
Sign Up to Join the Scoreboard
Show All
Scores
Hide
Comments
May contain spoilers
Recently Published
9x9 Crossword: Cartoon Network
by jackfrog10
Miscellaneous
3m
College Basketball Coaching Resumes
by pancakes188
Sports
9m
Billboard Blitz: Fleetwood Mac
by CooCooCachoo
Music
15s
More to Explore
Quiz From the Vault
Featured Blog Post
Where Did the Easter Bunny Come From?
hide this ad
You Might Also Like...
Tags
arena
challenge
Daily
pundit
Today's Top Quizzes in Sports
Browse Sports
hide this ad
Top Contributed Quizzes in Sports
1
2022 World Cup Stars
2
Les meilleurs buteurs des matchs entre le PSG et l’OM
3
FIFA Club World Cup Champions
4
Les entraîneurs de l'OM et du PSG au 21e siècle
5
Criteria MLB: Left Handed Sluggers
6
2023 MLB Unique Player Accomplishments
7
AFC Teams Reveal (Wrong Answers Minefield)
8
Players with Multiple 50 Home Run Seasons
9
5-to-1: FBS Animal Nicknames
10
5-to-1: UK Sports Teams
Explore More
Trending Topics
Kpop
Harry Potter
Crossword
NBA
Anime
Disney
Marvel
The Office
Soccer
Country
WWE
Pokémon
Puzzle
NFL
Song
hide this ad
More By:
Pundit_Arena
Quiz
Plays
Rating
Category
Featured
Created
MOTD goal quiz
57,554
4.71
Sports
Jul 29, 2020
Name every player to score a PL penalty for Man United
52,260
5.00
Sports
Jan 6, 2021
Name Every Fifa World Cup Winner since 1930
41,026
3.92
Sports
Feb 10, 2021
Guess The Nationalities of the Following Footballers
39,325
4.80
Sports
Jan 29, 2021
Name every Portuguese player to play for Man United
39,322
5.00
Sports
Dec 29, 2020
Go to Creator's Profile
Score Distribution
Quiz Creator Spotlight
Pundit_Arena
Follow
Send a Message
Quizzes Created
-
Created Quiz Play Count
-
More By This Creator
Popular Quizzes Today
1
Find the US States - No Outlines Minefield
2
Find the Countries of Europe - No Outlines Minefield
3
The Countries of the World
4
Find the US States
5
Risky Map Clicking: Biggest States A-Z
6
US States
7
Popular People in 1961
8
Movies - When Are They Set?
More Sports Quizzes
Athletes Who Went Into Politics
Published
Trending Quizzes
Risky Map Clicking: Least Populous States A-Z
1-10 Letter G Words
Risky Map Clicking: Next State Alphabetically
Adjectives in 80s TV Shows
Risky Map Clicking: Biggest States A-Z
Recently Updated
Leaping Animals
pecheneg
Reality TV Shows (A-Z)
bhenderson79
Rickey Henderson's Hall of Fame Teammates
pecheneg
Champions League XIs: Arsenal
pecheneg
Quick Pick: Celebrities in WWE's Hall of Fame
aduchscher
A-Z Keypad Blitz II
pecheneg
Multiple Oscar Actors
pecheneg
Mystery Phrase Blitz: Oscar 'Best Actors'
pecheneg
F. Scott Fitzgerald Novels
LTH
Pick 3 Villains
ddd62291
Trending Topics
Harry Potter
Crossword
Anime
NBA
Disney
Marvel
Kpop
Song
Puzzle
Soccer
Country
Pokémon
NFL
WWE
The Office
Your Account Isn't Verified!
In order to create a playlist on Sporcle, you need to verify the email address you used during registration. Go to your
Sporcle Settings
to finish the process.
Report this User
Report this user for behavior that violates our
Community Guidelines
.
Details:
Send Report
Go to the Sporcle.com Mobile Site →
Comments